Killer Instinct Characters - Statistics

General Stats
  • This quiz has been taken 89 times
  • The average score is 15 of 26
Answer Stats
Hint Answer % Correct
A Cyborg Who Was Created By Ultratech Fulgore
88%
Skeleton Who Has A Sword And Shield Spinal
86%
Character Who Can Use Fire Cinder
85%
A Monk Who Possesses Powers From The Tiger Spirit Jago
85%
An Alien Who Can Use Ice Attacks Glacius
80%
A Boxer TJ Combo
77%
A Dinosaur Who Is Created By Ultratech Riptor
76%
The First Game's Boss Who Has Two Heads Eyedol
71%
A Werewolf Sabrewulf
71%
The Boss Of Killer Instinct Gold And Season 3 Character In The Xbox One Game Gargos
58%
A Character Who Uses Tomahawks Chief Thunder
56%
A Woman Who Uses Daggers In Killer Instinct Gold And Killer Instinct On The Xbox One Maya
55%
A Man Who Looks Like Conan The Barbarian And First Appears In Killer Instinct Gold Tusk
53%
Guest Character Who Appears In Battletoads And In Season 3 Of The Xbox Game Rash
52%
A Guest Character From Halo Who Appears As Season 3 Content In The Xbox One Game Arbiter
50%
The Head Of Ultratech And Season 2 Character In The Xbox One Game ARIA
48%
The Only Female Character In Killer Instinct 1 B.Orchid
47%
A Character Who Appeared As A Secret Boss Of Season 1 Of The Xbox One Game And Is The Only Character Who Can Perform An Ultimate Shadow Jago
47%
Guest Character Who Is Scheduled To Be Released As DLC For Season 3 Of The Xbox One Game From Gears Of War General Raam
45%
A Woman Who Fights As A MMA And First Appears In Killer Instinct Gold Kim Wu
45%
Character Who Appears In The Xbox One Game And Is Season 2 Content. Stage Is Village Of Whispers Hisako
44%
The War Golem Who Appears In The Xbox One Game And Is Season 2 Content Aganos
42%
The Herald Of Gargos Omen
42%
Sorcerer Who Is Season 2 Content. Classed As A Zoner And Can Use Sand Kan Ra
41%
Assassin Who Has The Same Powers As Spiderman Sadira
41%
A Vampire Who Was Released As A Season 3 Character Mira
38%
No matching quizzes found
Score Distribution
Percent of People with Each Score
Percentile by Number Answered
Your Score History
You have not taken this quiz